English Football Clubs by Nickname - Statistics

General Stats
  • This quiz has been taken 789 times
    435 since last reset
  • The average score is 41 of 92
Answer Stats
Nickname Club % Correct
Bees Brentford
80%
Gunners Arsenal
77%
Blades {Sheffield} United
77%
Baggies; Throstles {West} {Bromwich} Albion
77%
Irons; Hammers {West} {Ham} United
77%
Addicks; Red Robins {Charlton} Athletic
76%
Red Devils {Manchester} United
76%
Magpies (PL) {Newcastle} United
76%
Citizens; Sky Blues {Manchester} City
75%
Foxes {Leicester} City
74%
Forest; Reds {Nottingham} {Forest}
74%
Spurs {Tottenham} {Hotspur}
73%
Seagulls {Brighton} & {Hove} Albion
72%
Wolves {Wolverhampton} Wanderers
72%
Canaries {Norwich} City
68%
Swans {Swansea} City
68%
Dons {Milton} {Keynes} {Dons}
66%
Rams {Derby} County
65%
Toffees Everton
65%
Blue & Whites {Blackburn} Rovers
63%
Saints Southampton
63%
Cherries; Boscombe Bournemouth
62%
Clarets Burnley
61%
Hatters {Luton} Town
61%
Tigers {Hull} City
60%
Black Cats Sunderland
60%
Blues; Tractor Boys {Ipswich} Town
59%
Eagles; Glaziers {Crystal} {Palace}
58%
Cottagers; Lily Whites Fulham
58%
Pompey Portsmouth
58%
Brewers {Burton} Albion
57%
Bluebirds {Cardiff} City
57%
Owls {Sheffield} {Wednesday}
57%
Potters {Stoke} City
57%
Green Devils {Forest} {Green} Rovers
56%
Donny {Doncaster} Rovers
54%
Reds Liverpool
54%
Magpies (EFL L2) {Notts} County
51%
Pirates; Gas {Bristol} Rovers
50%
Blues; Pensioners Chelsea
50%
Stanley {Accrington} {Stanley}
49%
Trotters {Bolton} Wanderers
49%
Gills Gillingham
49%
Dons; Wombles Wimbledon
49%
Chairboys {Wycombe} Wanderers
49%
Hornets; Golden Boys Watford
48%
Villans; Lions {Aston} {Villa}
47%
Hoops; 'R's {Queens} {Park} {Rangers}
45%
Imps {Lincoln} City
44%
Latics {Wigan} Athletic
43%
Sky Blues {Coventry} City
42%
Lions Millwall
42%
Seasiders; Tangerines Blackpool
41%
Bantams {Bradford} City
41%
Posh Peterborough
40%
Terriers {Huddersfield} Town
39%
Shrimps Morecambe
38%
Robins {Bristol} City
37%
Blues {Birmingham} City
36%
Cumbrians; Blues {Carlisle} United
35%
Pilgrims {Plymouth} {Argyle}
34%
Royals Reading
33%
Red Dragons Wrexham
32%
Cobblers {Northampton} Town
31%
Millers {Rotherham} United
31%
Stags Mansfield
29%
Exiles {Newport} County
29%
Peacocks; Whites {Leeds} United
28%
Latics {Oldham} Athletic
27%
Grecians {Exeter} City
24%
Iron {Scunthorpe} United
24%
O's {Leyton} {Orient}
23%
Railwaymen {Crewe} {Alexandra}
22%
Cod Army {Fleetwood} Town
22%
Tykes; Reds; Colliers Barnsley
20%
Saddlers Walsall
20%
Valiants {Port} {Vale}
19%
Invincibles {Preston} {North} {End}
19%
'U's; Yellows {Oxford} United
18%
Salop {Shrewsbury} Town
18%
Robins {Swindon} Town
17%
Super White Army {Tranmere} Rovers
17%
Robins {Cheltenham} Town
16%
Reds; Red Devils {Crawley} Town
16%
'U's; United {Cambridge} United
15%
The Boro Stevenage
15%
Ammies; Lions {Salford} City
14%
Amber and Chocolates {Sutton} United
12%
'U's; Eagles {Colchester} United
9%
Smoggies Middlesbrough
9%
Bluebirds; Ziggers Barrow
8%
Sulphurites {Harrogate} Town
6%
No matching quizzes found
Score Distribution
Percent of People with Each Score
Percentile by Number Answered
Your Score History
You have not taken this quiz since the last reset